La economía latinoamericana : formación histórica y problemas contemporáneos /
שמור ב:
| מחבר ראשי: | |
|---|---|
| פורמט: | לא ידוע |
| שפה: | Spanish |
| יצא לאור: |
México :
Siglo Veintiuno,
s1987.
|
| מהדורה: | 16. edición |
| נושאים: | |
| תגים: |
הוספת תג
אין תגיות, היה/י הראשונ/ה לתייג את הרשומה!
|
MARC
| LEADER | 000000000a22000000004500 | ||
|---|---|---|---|
| 001 | 011025 | ||
| 020 | |a 9682300410 | ||
| 041 | 0 | |a spa | |
| 082 | 0 | 4 | |a 330.981 |b F992e |
| 100 | 1 | |a Furtado, Celso | |
| 245 | 1 | 3 | |a La economía latinoamericana : formación histórica y problemas contemporáneos / |c Celso Furtado. |
| 250 | |a 16. edición | ||
| 260 | 1 | |a México : |b Siglo Veintiuno, |c s1987. | |
| 300 | |a 362 páginas ; |c 21 cm. | ||
| 650 | 4 | |a AMERICA LATINA | |
| 650 | 4 | |a CONDICIONES ECONOMICAS | |
| 650 | 4 | |a HISTORIA | |
| 999 | |c 16342 |d 16342 | ||
| 942 | |c BK |h 330.981 F992e |2 z | ||
